Hướng dẫn cách tổ chức ngày hội, ngày lễ ở trường mầm non Sách dùng cho giáo viên hệ sư phạm mầm non và các trường mầm non
.
Đã lưu trong:
| Tác giả chính: | |
|---|---|
| Định dạng: | Sách |
| Năm xuất bản: |
H.
1997
|
| Chủ đề: | |
| Tags: |
Thêm thẻ
Không có thẻ, Hãy là người đầu tiên gắn thẻ bản ghi này!
|
| LEADER | 01063nam a2200181 4500 | ||
|---|---|---|---|
| 082 | |a 372.8 |b L600TH | ||
| 100 | |a Lý Thu Hiền | ||
| 245 | |a Hướng dẫn cách tổ chức ngày hội, ngày lễ ở trường mầm non |b Sách dùng cho giáo viên hệ sư phạm mầm non và các trường mầm non |c Lý Thu Hiền | ||
| 260 | |a H. |c 1997 | ||
| 300 | |a 88tr. |c 19cm. | ||
| 520 | |a . | ||
| 653 | |a Giáo dục mẫu giáo | ||
| 653 | |a Lễ hội | ||
| 942 | |2 ddc |c STK0 | ||
| 999 | |c 10113 |d 10113 | ||
| 952 | |0 0 |1 0 |2 ddc |4 0 |6 372_800000000000000_L_600_TH |7 0 |8 300 |9 78932 |a qbu |b qbu |c D2 |d 2015-07-17 |g 9000 |o 372.8 L 600 TH |p 10019.c1 |r 0000-00-00 |w 2015-07-17 |y STK0 |0 0 |6 372_800000000000000_L_600_TH | ||
| 952 | |0 0 |1 0 |2 ddc |4 0 |6 372_800000000000000_L_600_TH |7 0 |8 300 |9 78933 |a qbu |b qbu |c D2 |d 2015-07-17 |g 9000 |o 372.8 L 600 TH |p 10019.c2 |r 0000-00-00 |w 2015-07-17 |y STK0 |0 0 |6 372_800000000000000_L_600_TH | ||
| 952 | |0 0 |1 0 |2 ddc |4 0 |6 372_800000000000000_L_600_TH |7 0 |8 300 |9 78934 |a qbu |b qbu |c D2 |d 2015-07-17 |g 9000 |o 372.8 L 600 TH |p 10019.c3 |r 0000-00-00 |w 2015-07-17 |y STK0 |0 0 |6 372_800000000000000_L_600_TH | ||